000 00909cab a2200253 4500
001 ABS50310
008 090401t1994 xxu||||| |||| 00| 0 eng d
035 _a(Sirsi) u75231
041 _aeng
100 _aMoody, J.
245 4 _aThe farm business tenancy and what it will mean
260 _c1994
350 _a0
490 _aFarmland Market
_v(41) Spring 1994, 12-13(2)
520 _aLooks at legal aspects of the proposed farm business tenancy and examines the loopholes and problems involved. It also highlights difficulties encountered within the legislation and suggests improvements.
650 _aPROPERTY-LANDLORD AND TENANT-TENANCIES-AGRICULTURAL TENANCIES
650 _aFARM BUSINESS TENANCIES
650 _aGLADSTONE V BOWER
650 _aNOTICES TO QUIT
690 _aLANDLORD AND TENANT-AGRICULTURAL TENANCIES
690 _aRURAL PRACTICE
942 _n0
948 _c04/03/1997
999 _c47396
_d47396